Statistics for Flags With Blue Removed

Click here to take the quiz!

General Stats

  • This quiz has been taken 482 times
  • The average score is 13 of 16

Answer Stats

Country% Correct
United States
97%
South Korea
93%
Australia
90%
Sweden
90%
France
89%
Iceland
87%
North Korea
87%
Uruguay
86%
Malaysia
85%
Cambodia
84%
Kazakhstan
81%
Philippines
79%
Panama
72%
Romania
72%
Bosnia and Herzegovina
48%
Chile
35%

Score Distribution

Percentile by Number Answered

Percent of People with Each Score

Your Score History

You have not taken this quiz